Estatísticas para teorias de enfermagem 2

Clique aqui para jogar o quiz

Estatísticas Gerais

  • Esse quiz foi jogado 9 vezes
  • A pontuação média é 4 de 10

Estatísticas das Respostas

QuestãoResposta% Correto
Em que ano Medeleine Leninger desenvolveu sua teoria?1978
71%
Em que ano Ernestine Wiedenbach desenvolveu sua teoria?1958
57%
Em que ano Florence Nightingale desenvolveu sua teoria?1860
43%
Em que ano Hildegard Peplau desenvolveu sua teoria?1952
43%
Em que ano Virgínia Henderson desenvolveu sua teoria?1955
43%
Em que ano Wanda Horta desenvolveu sua teoria?1979
43%
Em que ano Dorothy E. Jonhson desenvolveu sua teoria?1940
29%
Em que ano Dorothea Orem desenvolveu sua teoria?1971
29%
Em que ano Martha Rogers desenvolveu sua teoria?1970
14%
Em que ano Irmã Calista Roy desenvolveu sua teoria?1979
14%

Distribuição das Pontuações

Percentil de Números Respondidos

Porcentagem de Pessoas com Cada Pontuação

Sua Pontuação Histórica

Você não jogou esse quiz